[Event "Toronto op"]
[Site "Toronto CAN"]
[Date "2025.09.01"]
[Round "6.5"]
[White "Dhaliwal, Jaipreet Singh"]
[Black "Razin, Vadim"]
[Result "1/2-1/2"]
[WhiteElo "2036"]
[BlackElo "2396"]
[WhiteFideId "-1"]
[WhiteFideId "-1"]
[PlyCount "126"]
[GameId "2219913248012683"]
[EventDate "2025.08.30"]
[EventType "swiss"]
[EventRounds "6"]
[EventCountry "CAN"]
[SourceTitle "The Week in Chess 1609"]
[Source "Mark Crowther"]
[SourceDate "2025.09.08"]
[SourceVersion "1"]
[SourceVersionDate "2025.09.08"]
[SourceQuality "2"]

1. e4 e6 2. d4 d5 3. e5 c5 4. c3 Nc6 5. Nf3 Bd7 6. Be2 Nge7 7. Na3 cxd4 8. cxd4 Nf5 9. Nc2 Nb4 10. Bd2 Nxc2+ 11. Qxc2 Qb6 12. Bc3 Bb4 13. O-O Rc8 14. Rfc1 Bxc3 15. bxc3 Qa5 16. Qb2 Bc6 17. Bd3 Ne7 18. h4 h6 19. g3 O-O 20. Kg2 Rc7 21. Nd2 Rd7 22. a4 Qd8 23. h5 f6 24. Re1 Qe8 25. exf6 Rxf6 26. Re5 Nf5 27. Rh1 Nd6 28. Bg6 Rxg6 29. hxg6 Nc4 30. Nxc4 dxc4+ 31. f3 Qxg6 32. Qe2 Rf7 33. Rf1 Bd5 34. Kh2 Rf6 35. g4 Qf7 36. Kg3 g5 37. Qe3 Rf4 38. Rxd5 exd5 39. Re1 Kh7 40. Kg2 Rf6 41. Qe8 Kg6 42. Qe2 Kh7 43. Qc2+ Kg7 44. Re3 Re6 45. Qe2 Kf6 46. Rxe6+ Qxe6 47. Qc2 Kg7 48. Qb2 Qd7 49. Qe2 Kf7 50. Qe5 Qe6 51. Qh8 Ke7 52. Qg7+ Kd8 53. Qxb7 a6 54. Kf2 Qd6 55. Kg2 Ke8 56. Kh3 Qe6 57. Qb8+ Kf7 58. Qb7+ Ke8 59. Kg2 Qe2+ 60. Kg3 Qe1+ 61. Kg2 Qd2+ 62. Kg3 Qxc3 63. Qc8+ Ke7 1/2-1/2

[Event "Toronto op"]
[Site "Toronto CAN"]
[Date "2025.09.01"]
[Round "6.6"]
[White "Ivanov, Mike"]
[Black "Yang, Larry"]
[Result "0-1"]
[WhiteElo "2383"]
[BlackElo "2108"]
[WhiteFideId "-1"]
[WhiteFideId "-1"]
[PlyCount "96"]
[GameId "2219913248012684"]
[EventDate "2025.08.30"]
[EventType "swiss"]
[EventRounds "6"]
[EventCountry "CAN"]
[SourceTitle "The Week in Chess 1609"]
[Source "Mark Crowther"]
[SourceDate "2025.09.08"]
[SourceVersion "1"]
[SourceVersionDate "2025.09.08"]
[SourceQuality "2"]

1. e4 c5 2. Nf3 Nc6 3. Bb5 d6 4. d4 cxd4 5. Qxd4 Bd7 6. Qe3 g6 7. O-O Bg7 8. h3 Nf6 9. Rd1 O-O 10. Bf1 Qc7 11. Na3 a6 12. c4 Rfc8 13. Bd2 b6 14. Rac1 Qb7 15. Bc3 Ne5 16. Nd2 b5 17. Bxe5 dxe5 18. Nb3 b4 19. Nc2 a5 20. Nc5 Qc6 21. Nxd7 Nxd7 22. Ne1 Nc5 23. f3 e6 24. Nd3 Bf8 25. Nxe5 Qc7 26. Ng4 Na4 27. Kh1 Bg7 28. e5 Nxb2 29. Rd2 Na4 30. Qf4 Rd8 31. Rcc2 Rxd2 32. Rxd2 Rd8 33. Rxd8+ Qxd8 34. Nf6+ Kh8 35. Ng4 h5 36. Nh6 Bxh6 37. Qxh6+ Kg8 38. Qe3 Qc7 39. f4 Qc5 40. Qd2 Nc3 41. Kh2 Kg7 42. h4 Ne4 43. Qd3 Nf2 44. Qd2 Ng4+ 45. Kh1 a4 46. Qc2 b3 47. axb3 axb3 48. Qb2 Qf2 0-1

[Event "Toronto op"]
[Site "Toronto CAN"]
[Date "2025.09.01"]
[Round "6.7"]
[White "Cummings, David"]
[Black "Gavrilin, Roman"]
[Result "1/2-1/2"]
[WhiteElo "2252"]
[BlackElo "2147"]
[WhiteFideId "-1"]
[WhiteFideId "-1"]
[PlyCount "43"]
[GameId "2219913248012685"]
[EventDate "2025.08.30"]
[EventType "swiss"]
[EventRounds "6"]
[EventCountry "CAN"]
[SourceTitle "The Week in Chess 1609"]
[Source "Mark Crowther"]
[SourceDate "2025.09.08"]
[SourceVersion "1"]
[SourceVersionDate "2025.09.08"]
[SourceQuality "2"]

1. Nf3 Nf6 2. c4 e6 3. g3 d5 4. Bg2 Be7 5. O-O O-O 6. b3 b6 7. Bb2 Bb7 8. cxd5 Nxd5 9. Nc3 c5 10. d4 Nxc3 11. Bxc3 cxd4 12. Qxd4 Qxd4 13. Nxd4 Bxg2 14. Kxg2 Rc8 15. Rac1 Nc6 16. Nxc6 Rxc6 17. Be5 Rc5 18. Rxc5 Bxc5 19. Rd1 f6 20. Bc3 a5 21. Rd7 Rc8 22. Bd2 1/2-1/2

[Event "Toronto op"]
[Site "Toronto CAN"]
[Date "2025.09.01"]
[Round "6.8"]
[White "Jaferian, Kosha"]
[Black "Shih, Matthew"]
[Result "1-0"]
[WhiteElo "2285"]
[BlackElo "2039"]
[WhiteFideId "-1"]
[WhiteFideId "-1"]
[PlyCount "65"]
[GameId "2219913248012686"]
[EventDate "2025.08.30"]
[EventType "swiss"]
[EventRounds "6"]
[EventCountry "CAN"]
[SourceTitle "The Week in Chess 1609"]
[Source "Mark Crowther"]
[SourceDate "2025.09.08"]
[SourceVersion "1"]
[SourceVersionDate "2025.09.08"]
[SourceQuality "2"]

1. e4 e5 2. Nf3 Nc6 3. d4 exd4 4. Nxd4 Nf6 5. Nxc6 bxc6 6. e5 Qe7 7. Qe2 Nd5 8. h4 f6 9. c4 Ba6 10. Rh3 fxe5 11. Bg5 Nf6 12. Re3 O-O-O 13. Ra3 Qb4+ 14. Nc3 Bxc4 15. Qxc4 Qxc4 16. Bxc4 Bxa3 17. bxa3 d5 18. Bd3 Kd7 19. Na4 h6 20. Bd2 e4 21. Bc2 g5 22. hxg5 hxg5 23. Ke2 Rdg8 24. Be3 Rh2 25. Rg1 a5 26. Bd4 Nh5 27. g3 Kd6 28. Nc5 Ng7 29. g4 Ne6 30. Nxe6 Kxe6 31. Ba4 Rf8 32. Rc1 Rf4 33. Rxc6+ 1-0

[Event "Toronto op"]
[Site "Toronto CAN"]
[Date "2025.09.01"]
[Round "6.9"]
[White "Qian, Ashley"]
[Black "Lai, Duc Minh"]
[Result "0-1"]
[WhiteElo "2135"]
[BlackElo "2121"]
[WhiteFideId "-1"]
[WhiteFideId "-1"]
[PlyCount "66"]
[GameId "2219913248012687"]
[EventDate "2025.08.30"]
[EventType "swiss"]
[EventRounds "6"]
[EventCountry "CAN"]
[SourceTitle "The Week in Chess 1609"]
[Source "Mark Crowther"]
[SourceDate "2025.09.08"]
[SourceVersion "1"]
[SourceVersionDate "2025.09.08"]
[SourceQuality "2"]

1. e4 c5 2. Nf3 Nc6 3. d4 cxd4 4. Nxd4 Nf6 5. Nc3 g6 6. Be3 Bg7 7. f3 O-O 8. Nb3 d6 9. Qd2 Be6 10. O-O-O Rc8 11. Kb1 Ne5 12. h4 h5 13. Bh6 Bc4 14. Bxg7 Kxg7 15. Bxc4 Nxc4 16. Qd3 Qb6 17. Rde1 Qb4 18. Nd5 Nxd5 19. Qxd5 Rc5 20. Qd3 Rc6 21. c3 Qb5 22. Qe2 Rb6 23. g4 a5 24. Rh2 a4 25. Nd4 Qc5 26. Qd1 e5 27. Nf5+ gxf5 28. gxf5 Rh8 29. Qxa4 Kf6 30. Rg2 Rg8 31. Rxg8 Qf2 32. Qc2 Qxe1+ 33. Qc1 Rxb2+ 0-1

[Event "Toronto op"]
[Site "Toronto CAN"]
[Date "2025.09.01"]
[Round "6.10"]
[White "Qian, Eric"]
[Black "Deepak, Laksshana"]
[Result "0-1"]
[WhiteElo "1967"]
[BlackElo "1990"]
[WhiteFideId "-1"]
[WhiteFideId "-1"]
[PlyCount "92"]
[GameId "2219913248012688"]
[EventDate "2025.08.30"]
[EventType "swiss"]
[EventRounds "6"]
[EventCountry "CAN"]
[SourceTitle "The Week in Chess 1609"]
[Source "Mark Crowther"]
[SourceDate "2025.09.08"]
[SourceVersion "1"]
[SourceVersionDate "2025.09.08"]
[SourceQuality "2"]

1. Nf3 d5 2. c4 d4 3. g3 c5 4. Bg2 Nc6 5. O-O e5 6. d3 Nf6 7. e3 Bg4 8. h3 Bh5 9. exd4 exd4 10. Qa4 Qd7 11. Bf4 Be7 12. Nbd2 O-O 13. Qb3 Bd6 14. Bxd6 Qxd6 15. Qxb7 Nb4 16. Ne4 Nxe4 17. Qxe4 Bg6 18. Qe5 Qb6 19. Nh4 Rae8 20. Qg5 h6 21. Qd2 Bxd3 22. Rfc1 Re2 23. Qf4 Rxb2 24. Nf3 Nc2 25. Ne5 Nxa1 26. Nd7 Qd8 27. Nxf8 Qxf8 28. Rxa1 Bxc4 29. Qc1 Rxa2 30. Rxa2 Bxa2 31. Qa3 Be6 32. Qxa7 d3 33. Qa5 c4 34. Be4 g6 35. Qe5 Kh7 36. h4 Qg7 37. Qd6 Qc3 38. Kg2 h5 39. Bf3 d2 40. Qd8 Bg4 41. Bxg4 hxg4 42. Qd7 Qf3+ 43. Kh2 Qxf2+ 44. Kh1 Qf1+ 45. Kh2 Qe2+ 46. Kh1 d1=Q+ 0-1

[Event "Toronto op"]
[Site "Toronto CAN"]
[Date "2025.09.01"]
[Round "6.11"]
[White "Achyuth, Akshaj"]
[Black "Wiebe, Isaac"]
[Result "0-1"]
[WhiteElo "1751"]
[BlackElo "2093"]
[WhiteFideId "-1"]
[WhiteFideId "-1"]
[PlyCount "92"]
[GameId "2219913248012689"]
[EventDate "2025.08.30"]
[EventType "swiss"]
[EventRounds "6"]
[EventCountry "CAN"]
[SourceTitle "The Week in Chess 1609"]
[Source "Mark Crowther"]
[SourceDate "2025.09.08"]
[SourceVersion "1"]
[SourceVersionDate "2025.09.08"]
[SourceQuality "2"]

1. e4 e5 2. Nf3 Nc6 3. Bc4 Bc5 4. c3 Nf6 5. d3 d6 6. a4 a6 7. h3 Ba7 8. Nbd2 h6 9. b4 O-O 10. O-O Be6 11. Re1 Qd7 12. Qb3 Bxh3 13. gxh3 Qxh3 14. d4 Qg4+ 15. Kh1 Qh3+ 16. Kg1 Qg4+ 17. Kh1 Qh5+ 18. Kg1 exd4 19. Kg2 Qg4+ 20. Kf1 dxc3 21. Qxc3 Qh3+ 22. Ke2 Bd4 23. Qa3 Bxa1 24. Qxa1 Rfe8 25. Rg1 Ne5 26. Bd3 Nd5 27. Rg3 Nf4+ 28. Ke3 Qe6 29. Bc2 Nh5 30. Rg1 Qf6 31. Bb2 Nf4 32. Nd4 Nh3 33. Rg2 Nxf2 34. Nf5 Nfg4+ 35. Ke2 h5 36. Ne3 Nxe3 37. Kxe3 Qh6+ 38. Ke2 Ng4 39. Qa3 d5 40. Nf1 Rad8 41. Ng3 dxe4 42. Qc3 f6 43. Bb3+ Kh8 44. Bf7 Rd3 45. Bc1 Rxc3 46. Bxh6 gxh6 0-1

[Event "Toronto op"]
[Site "Toronto CAN"]
[Date "2025.09.01"]
[Round "6.12"]
[White "Kang, Dorian"]
[Black "Xie, Irene"]
[Result "0-1"]
[WhiteElo "2047"]
[BlackElo "1977"]
[WhiteFideId "-1"]
[WhiteFideId "-1"]
[PlyCount "130"]
[GameId "2219913248012690"]
[EventDate "2025.08.30"]
[EventType "swiss"]
[EventRounds "6"]
[EventCountry "CAN"]
[SourceTitle "The Week in Chess 1609"]
[Source "Mark Crowther"]
[SourceDate "2025.09.08"]
[SourceVersion "1"]
[SourceVersionDate "2025.09.08"]
[SourceQuality "2"]

1. c4 e6 2. Nc3 d5 3. d4 Nf6 4. Bg5 Be7 5. e3 O-O 6. Qc2 Nbd7 7. cxd5 exd5 8. Bd3 c6 9. Nge2 Re8 10. O-O Nf8 11. a3 Be6 12. f3 Rc8 13. Kh1 N6d7 14. Bxe7 Qxe7 15. b4 Nb6 16. e4 dxe4 17. fxe4 f6 18. Nd1 Bf7 19. Ne3 Bg6 20. Nf5 Bxf5 21. Rxf5 Rcd8 22. Raf1 Kh8 23. Rh5 g6 24. Rh3 Ne6 25. Rhf3 Rf8 26. Qc3 Ng5 27. Rf4 Kg7 28. Qc5 Qxc5 29. bxc5 Nd7 30. Bc4 Rfe8 31. Nc3 Ne6 32. Bxe6 Rxe6 33. h4 Rf8 34. Rb1 b6 35. cxb6 Nxb6 36. a4 Rf7 37. Rb4 Rd6 38. a5 Nd7 39. Rb7 Rxd4 40. Rxa7 Rc4 41. Ne2 Nc5 42. Ra8 Nxe4 43. Kh2 f5 44. h5 Ra4 45. Nc1 c5 46. g4 c4 47. hxg6 hxg6 48. Rc8 c3 49. gxf5 gxf5 50. Nb3 Ra2+ 51. Kh3 Kf6 52. Rxe4 fxe4 53. Rxc3 Ke5 54. Rc4 Rf3+ 55. Kg4 Rxb3 56. Rc8 Rg2+ 57. Kh4 Rb7 58. Kh3 Rg6 59. Rh8 Kf4 60. Rf8+ Ke3 61. Rh8 Ra7 62. Kh2 Rxa5 63. Rh3+ Kf2 64. Kh1 Ra1+ 65. Kh2 Rg2# 0-1

[Event "Tournoi des Presidents"]
[Site "Chambly CAN"]
[Date "2025.09.10"]
[Round "1.1"]
[White "Mok, Yuen Tak"]
[Black "Choquette, Maxime"]
[Result "1-0"]
[WhiteElo "2086"]
[BlackElo "1603"]
[WhiteFideId "-1"]
[WhiteFideId "-1"]
[PlyCount "33"]
[GameId "2230372654530570"]
[EventDate "2025.09.10"]
[EventType "swiss"]
[EventRounds "4"]
[EventCountry "CAN"]

1. Nf3 d5 2. c4 e6 3. d4 Nf6 4. g3 c5 5. cxd5 exd5 6. Bg2 Nc6 7. O-O c4 8. b3 b5 9. a4 Ba6 10. axb5 Bxb5 11. Nc3 a6 12. Ne5 Rc8 13. bxc4 Bxc4 14. Nxc4 dxc4 15. Rxa6 Nxd4 16. Bh3 Rc6 17. Qa4 1-0

[Event "Tournoi des Presidents"]
[Site "Chambly CAN"]
[Date "2025.09.10"]
[Round "1.2"]
[White "Evenko, Kirill"]
[Black "Gagnon, Gabriel"]
[Result "0-1"]
[WhiteElo "1543"]
[BlackElo "1811"]
[WhiteFideId "-1"]
[WhiteFideId "-1"]
[PlyCount "62"]
[GameId "2230372654596107"]
[EventDate "2025.09.10"]
[EventType "swiss"]
[EventRounds "4"]
[EventCountry "CAN"]

1. c4 c5 2. g3 g6 3. Bg2 Bg7 4. Nc3 Nc6 5. e3 e5 6. Nge2 Nge7 7. d3 d6 8. Nd5 Be6 9. Nec3 O-O 10. h4 Qd7 11. h5 Bg4 12. Bf3 gxh5 13. Bxg4 hxg4 14. Nxe7+ Nxe7 15. Nd5 Ng6 16. e4 f5 17. Bh6 f4 18. Bxg7 Kxg7 19. Qd2 Rf7 20. O-O-O b5 21. gxf4 exf4 22. Qc3+ Ne5 23. d4 cxd4 24. Rxd4 Rc8 25. Rhd1 Rxc4 26. Rxc4 bxc4 27. Qd4 Kg8 28. Rh1 Qe6 29. Rh5 h6 30. Rf5 Nd3+ 31. Kb1 Rxf5 0-1

[Event "Tournoi des Presidents"]
[Site "Chambly CAN"]
[Date "2025.09.10"]
[Round "1.3"]
[White "Cournoyer, Raphael"]
[Black "Boyer, Pascal"]
[Result "0-1"]
[WhiteElo "1800"]
[BlackElo "1515"]
[WhiteFideId "-1"]
[WhiteFideId "-1"]
[PlyCount "80"]
[GameId "2230372654600204"]
[EventDate "2025.09.10"]
[EventType "swiss"]
[EventRounds "4"]
[EventCountry "CAN"]

1. d4 Nf6 2. Nf3 d5 3. c4 e6 4. g3 c5 5. Bg2 a6 6. cxd5 exd5 7. O-O Bf5 8. Nc3 h6 9. Nh4 Be6 10. Nf3 Nc6 11. a3 Rc8 12. dxc5 Bxc5 13. b4 Ba7 14. Na4 Ne4 15. Bb2 O-O 16. e3 Bg4 17. h3 Bh5 18. g4 Bg6 19. Nc3 Ne7 20. Qb3 Qd6 21. Rfd1 Rfd8 22. Nxe4 Bxe4 23. Be5 Qe6 24. Bg3 Bc2 25. Qb2 Bxd1 26. Rxd1 Rd7 27. Ne5 Rdc7 28. Bh4 Rc3 29. Bg3 Rc2 30. Qb1 f5 31. Kh2 fxg4 32. hxg4 Bb8 33. Qa1 R8c3 34. Nf3 Bxg3+ 35. Kxg3 Qg6 36. Nh4 Qg5 37. Rd4 h5 38. a4 hxg4 39. Rxg4 Qe5+ 40. Kf3 Rxe3+ 0-1

[Event "Tournoi des Presidents"]
[Site "Chambly CAN"]
[Date "2025.09.10"]
[Round "1.4"]
[White "Despres, Alain"]
[Black "Cousineau, Francois"]
[Result "0-1"]
[WhiteElo "1479"]
[BlackElo "1796"]
[WhiteFideId "-1"]
[WhiteFideId "-1"]
[PlyCount "66"]
[GameId "2230372654600205"]
[EventDate "2025.09.10"]
[EventType "swiss"]
[EventRounds "4"]
[EventCountry "CAN"]

1. d4 c5 2. e3 Nf6 3. Nf3 g6 4. b3 Bg7 5. Bb2 O-O 6. Nbd2 d5 7. h3 Nc6 8. dxc5 Qa5 9. Be2 Qxc5 10. a3 Bf5 11. Rc1 Rad8 12. b4 Qb6 13. b5 Na5 14. Bd4 Qc7 15. O-O b6 16. Nb3 Nc4 17. Bxc4 dxc4 18. Nbd2 c3 19. Nb1 Ne4 20. Qe2 e5 21. Rfd1 exd4 22. g4 Bc8 23. exd4 Rfe8 24. Qd3 Bb7 25. Re1 Bd5 26. Re3 Bh6 27. g5 Nxg5 28. Nxg5 Bxg5 29. Rxe8+ Rxe8 30. Rf1 Be4 31. Qxc3 Qxc3 32. Nxc3 Bxc2 33. f4 Bf6 0-1

[Event "Tournoi des Presidents"]
[Site "Chambly CAN"]
[Date "2025.09.10"]
[Round "1.5"]
[White "Weston, Paul"]
[Black "Dubreuil, Raymond"]
[Result "1-0"]
[WhiteElo "1793"]
[BlackElo "1424"]
[WhiteFideId "-1"]
[WhiteFideId "-1"]
[PlyCount "81"]
[GameId "2230372654600206"]
[EventDate "2025.09.10"]
[EventType "swiss"]
[EventRounds "4"]
[EventCountry "CAN"]

1. e4 c5 2. Nf3 d6 3. d4 cxd4 4. Nxd4 Nf6 5. Nc3 Bd7 6. Be2 e6 7. Be3 Be7 8. O-O a6 9. Kh1 O-O 10. f4 Nc6 11. Qe1 Rc8 12. Qg3 b5 13. a3 Na5 14. Bd3 Nc4 15. Bc1 Qb6 16. Nde2 d5 17. e5 Nh5 18. Qh3 g6 19. b3 Na5 20. Be3 Bc5 21. Bxc5 Rxc5 22. b4 Rxc3 23. bxa5 Rxd3 24. axb6 Rxh3 25. gxh3 Rb8 26. Rf3 Rxb6 27. Rc3 Rc6 28. Rxc6 Bxc6 29. Nd4 Bb7 30. Rf1 Ng7 31. Kg1 Kf8 32. Kf2 Ke7 33. Ke3 Ne8 34. c3 Nc7 35. Rb1 Na8 36. a4 Nb6 37. axb5 Nc4+ 38. Kf2 axb5 39. Rxb5 Ba6 40. Rb8 h5 41. Ra8 1-0

[Event "Tournoi des Presidents"]
[Site "Chambly CAN"]
[Date "2025.09.10"]
[Round "1.6"]
[White "Bedard, Michel"]
[Black "Tse, Chun Wing"]
[Result "0-1"]
[WhiteElo "1417"]
[BlackElo "1777"]
[WhiteFideId "-1"]
[WhiteFideId "-1"]
[PlyCount "70"]
[GameId "2230372654600207"]
[EventDate "2025.09.10"]
[EventType "swiss"]
[EventRounds "4"]
[EventCountry "CAN"]

1. d4 e6 2. Nc3 d5 3. Bf4 Bd6 4. Qd2 Nf6 5. e3 b6 6. Nf3 Ba6 7. Bxa6 Nxa6 8. a3 Bxf4 9. exf4 c5 10. Qe2 cxd4 11. Nxd4 Nc5 12. O-O O-O 13. Nc6 Qc7 14. Ne5 a6 15. Qe3 b5 16. Ne2 Ncd7 17. Nxd7 Nxd7 18. c3 g6 19. Rfe1 Nb6 20. Rad1 Rfb8 21. Rd4 a5 22. Qg3 Nc4 23. Rb1 b4 24. axb4 axb4 25. cxb4 Nxb2 26. h4 Qc2 27. Re1 Ra4 28. h5 Rbxb4 29. Rxb4 Rxb4 30. hxg6 hxg6 31. Qg5 Nd3 32. f5 Nxe1 33. fxe6 Qxe2 34. exf7+ Kxf7 35. Qxd5+ Qe6 0-1

[Event "Tournoi des Presidents"]
[Site "Chambly CAN"]
[Date "2025.09.10"]
[Round "1.7"]
[White "Milette, Patrick"]
[Black "Jomphe, Denis"]
[Result "1-0"]
[WhiteElo "1719"]
[BlackElo "1378"]
[WhiteFideId "-1"]
[WhiteFideId "-1"]
[PlyCount "75"]
[GameId "2230372654600208"]
[EventDate "2025.09.10"]
[EventType "swiss"]
[EventRounds "4"]
[EventCountry "CAN"]

1. Nf3 d5 2. c4 c6 3. g3 Nf6 4. Bg2 Nbd7 5. O-O e5 6. cxd5 cxd5 7. d4 e4 8. Ne1 Be7 9. Nc3 O-O 10. f3 exf3 11. Nxf3 Bd6 12. Nh4 Nb6 13. Bg5 Be7 14. a4 Be6 15. a5 Nc4 16. Nf5 h6 17. Nxe7+ Qxe7 18. Bxf6 gxf6 19. Qc1 Kh7 20. Bxd5 Rad8 21. e4 Rg8 22. b3 Nd6 23. Qf4 Rg6 24. a6 b6 25. Rad1 Rc8 26. Rd3 Rcg8 27. e5 f5 28. exd6 Qd7 29. Bc4 Qc6 30. d5 Qc5+ 31. Qe3 Qxd6 32. dxe6 Qc6 33. e7 Rf6 34. Nd5 Re6 35. Qf3 Qc5+ 36. Kg2 b5 37. Qxf5+ Rgg6 38. Nf6+ 1-0

[Event "Tournoi des Presidents"]
[Site "Chambly CAN"]
[Date "2025.09.10"]
[Round "1.8"]
[White "Poirier, Dany"]
[Black "Kerhuel-Lefebvre, Stephane"]
[Result "0-1"]
[WhiteElo "1343"]
[BlackElo "1645"]
[WhiteFideId "-1"]
[WhiteFideId "-1"]
[PlyCount "73"]
[GameId "2230372654600209"]
[EventDate "2025.09.10"]
[EventType "swiss"]
[EventRounds "4"]
[EventCountry "CAN"]

1. Nf3 Nf6 2. d3 d5 3. g3 g6 4. Bg2 Bg7 5. O-O O-O 6. Nc3 c6 7. Bd2 Nbd7 8. Re1 Ng4 9. h3 Ngf6 10. Rb1 Re8 11. Qc1 e5 12. e4 d4 13. Ne2 b6 14. Bh6 Ba6 15. Bxg7 Kxg7 16. Nh2 Rc8 17. f4 c5 18. Ng4 c4 19. fxe5 Nxe5 20. Qh6+ Kg8 21. Nxe5 Rxe5 22. Nf4 Nh5 23. Nxh5 Rxh5 24. Qd2 Rhc5 25. b4 cxb3 26. axb3 Rxc2 27. Qd1 Qg5 28. Qf3 Rd2 29. Bf1 Rcc2 30. h4 Qh6 31. Re2 Rxd3 32. Qg2 Rxe2 33. Bxe2 Qe3+ 34. Qf2 Qxf2+ 35. Kxf2 Rd2 36. Re1 d3 37. Ke3 0-1

[Event "Tournoi des Presidents"]
[Site "Chambly CAN"]
[Date "2025.09.10"]
[Round "1.9"]
[White "Kelly, Patrick"]
[Black "Tse, Edwin"]
[Result "1/2-1/2"]
[WhiteElo "1637"]
[BlackElo "1306"]
[WhiteFideId "-1"]
[WhiteFideId "-1"]
[PlyCount "118"]
[GameId "2230372654600210"]
[EventDate "2025.09.10"]
[EventType "swiss"]
[EventRounds "4"]
[EventCountry "CAN"]

1. e4 c6 2. d4 d5 3. e5 Bf5 4. h4 h5 5. Bg5 Qc7 6. Bd3 Bxd3 7. Qxd3 e6 8. Nd2 c5 9. c3 Nc6 10. Ngf3 cxd4 11. cxd4 Nge7 12. O-O Nf5 13. Rac1 Be7 14. Nb3 O-O 15. Bxe7 Qxe7 16. g3 Nb4 17. Qb1 Rfc8 18. a3 Nc6 19. Rc3 Rc7 20. Rfc1 Rac8 21. Qd3 g6 22. Nbd2 a6 23. Nf1 b5 24. Ne3 Nxe3 25. Qxe3 b4 26. Rc5 bxa3 27. bxa3 Nxd4 28. Rxc7 Nxf3+ 29. Qxf3 Rxc7 30. Rb1 Rc8 31. Qd3 a5 32. Qa6 Qc7 33. Qd6 Qxd6 34. exd6 Rd8 35. Rb6 Rd7 36. f4 Kg7 37. Kf2 Kf6 38. Ke3 e5 39. Ra6 Ke6 40. fxe5 Kxe5 41. Rxa5 Rxd6 42. a4 f5 43. Rb5 Ra6 44. a5 Rc6 45. Rb6 Rxb6 46. axb6 Kd6 47. Kd4 Kc6 48. b7 Kxb7 49. Kxd5 Kb6 50. Ke5 Kc5 51. Kf6 Kd5 52. Kxg6 Ke5 53. Kg5 Ke4 54. Kxh5 Kf3 55. Kg5 Kxg3 56. h5 f4 57. h6 f3 58. h7 f2 59. h8=Q f1=Q 1/2-1/2

[Event "Tournoi des Presidents"]
[Site "Chambly CAN"]
[Date "2025.09.17"]
[Round "2.1"]
[White "Tse, Chun Wing"]
[Black "Mok, Yuen Tak"]
[Result "0-1"]
[WhiteElo "1777"]
[BlackElo "2086"]
[WhiteFideId "-1"]
[WhiteFideId "-1"]
[PlyCount "186"]
[GameId "2230372654661661"]
[EventDate "2025.09.10"]
[EventType "swiss"]
[EventRounds "4"]
[EventCountry "CAN"]

1. e4 c6 2. Nf3 d5 3. Nc3 dxe4 4. Nxe4 Nf6 5. Qe2 Nxe4 6. Qxe4 Be6 7. b3 Nd7 8. Bb2 Nf6 9. Qd4 Bf5 10. h3 e6 11. O-O-O Qa5 12. Kb1 Rd8 13. Qc4 Ne4 14. Bd4 Nd6 15. Qe2 Nb5 16. Bb2 Na3+ 17. Bxa3 Bxa3 18. Nh4 O-O 19. g4 Qd5 20. gxf5 Qxh1 21. fxe6 fxe6 22. Bg2 Qh2 23. Qxe6+ Kh8 24. Qg4 Qe5 25. d4 Qf6 26. Nf3 Qf4 27. Qxf4 Rxf4 28. c3 Rdf8 29. Rd3 Re8 30. Rd2 Kg8 31. Kc2 Ref8 32. Rd3 Be7 33. c4 h6 34. Kd2 Bg5 35. Kc3 Bf6 36. Kb4 Rd8 37. d5 cxd5 38. Nd2 dxc4 39. Rxd8+ Bxd8 40. Nxc4 b6 41. f3 Rf5 42. a4 Rg5 43. Ne3 Be7+ 44. Kc4 Bc5 45. Ng4 Rf5 46. Kd3 Rd5+ 47. Ke2 h5 48. Nh2 Rd4 49. Nf1 Kf8 50. Nd2 Bb4 51. Nc4 Rd8 52. Ke3 Bc5+ 53. Ke2 Re8+ 54. Kd3 g5 55. Bf1 a6 56. Nd2 Rd8+ 57. Kc2 a5 58. Ne4 Be7 59. Bd3 Kg7 60. Kd2 Kh6 61. Ke3 Bc5+ 62. Ke2 Bd4 63. Bc4 Rf8 64. Bd3 Be5 65. Kf2 Rd8 66. Ke2 Rc8 67. Bc4 Rc6 68. Ke3 Rc7 69. Ke2 Rd7 70. Bd3 Bf4 71. Bc4 Rd4 72. Bd3 Kg7 73. Nf2 Kf8 74. Ne4 Ke7 75. Bc4 Rd8 76. Bd3 Rf8 77. Bc4 Rd8 78. Bd3 Ke6 79. Bc4+ Ke5 80. Bd3 Kd4 81. Bc4 Rc8 82. Kf2 Rxc4 83. bxc4 Kxc4 84. Ke2 Kb4 85. Nf6 Kxa4 86. Nxh5 Be5 87. h4 gxh4 88. f4 Bb2 89. f5 h3 90. Kf3 Ba3 91. f6 Bb4 92. Nf4 b5 93. f7 Kb3 0-1

[Event "Tournoi des Presidents"]
[Site "Chambly CAN"]
[Date "2025.09.17"]
[Round "2.2"]
[White "Cousineau, Francois"]
[Black "Milette, Patrick"]
[Result "1/2-1/2"]
[WhiteElo "1796"]
[BlackElo "1719"]
[WhiteFideId "-1"]
[WhiteFideId "-1"]
[PlyCount "119"]
[GameId "2230372654661662"]
[EventDate "2025.09.10"]
[EventType "swiss"]
[EventRounds "4"]
[EventCountry "CAN"]

1. e4 g6 2. d4 Bg7 3. Nc3 a6 4. Nf3 b5 5. Be3 Bb7 6. Bd3 d6 7. Qd2 Nd7 8. O-O c5 9. dxc5 Nxc5 10. Rad1 Rc8 11. a3 Nf6 12. Bh6 O-O 13. Rfe1 Qb6 14. Bxg7 Kxg7 15. Qf4 e5 16. Qg5 h6 17. Qd2 Rfd8 18. Qe2 Qc7 19. Nh4 Ne6 20. Qf3 Ng5 21. Qg3 Nh5 22. Qg4 Qd7 23. Nf5+ Kh7 24. h4 Nf6 25. Qg3 Ne6 26. Ne3 Nf4 27. Qf3 Qe7 28. g3 Ne6 29. Qg2 Nd4 30. Ned5 Nxd5 31. exd5 f5 32. Rd2 Qf6 33. Bf1 e4 34. Be2 a5 35. Rxd4 Qxd4 36. Bxb5 Rxc3 37. bxc3 Qxc3 38. Rd1 Qxc2 39. Qf1 Rc8 40. a4 Rc5 41. h5 Qc3 42. hxg6+ Kxg6 43. Qh3 e3 44. Be8+ Kg7 45. Qxf5 exf2+ 46. Qxf2 Qf6 47. Qxf6+ Kxf6 48. Bc6 Bxc6 49. dxc6 Rxc6 50. Rd5 Ra6 51. Kf2 Ke6 52. Rh5 Kf6 53. Ke3 Kg6 54. g4 Kf6 55. Kd4 Rb6 56. Rxh6+ Kg7 57. g5 Rb4+ 58. Kc3 Rxa4 59. Rxd6 Rg4 60. Rd5 1/2-1/2

[Event "Tournoi des Presidents"]
[Site "Chambly CAN"]
[Date "2025.09.17"]
[Round "2.3"]
[White "Kerhuel-Lefebvre, Stephane"]
[Black "Weston, Paul"]
[Result "0-1"]
[WhiteElo "1645"]
[BlackElo "1793"]
[WhiteFideId "-1"]
[WhiteFideId "-1"]
[PlyCount "44"]
[GameId "2230372654665759"]
[EventDate "2025.09.10"]
[EventType "swiss"]
[EventRounds "4"]
[EventCountry "CAN"]

1. e4 e5 2. Nf3 Nc6 3. Bc4 Be7 4. O-O Nf6 5. Re1 O-O 6. a4 Nxe4 7. Nxe5 Nxe5 8. Rxe4 Nxc4 9. Rxc4 d5 10. Rc3 d4 11. Rg3 Bd6 12. Rb3 Rb8 13. c4 Be6 14. d3 Qh4 15. g3 Qh3 16. Qf1 Rfe8 17. f4 Qh5 18. Nd2 Bh3 19. Qf3 Re1+ 20. Kf2 Bg4 21. Qxg4 Qxg4 22. Kxe1 Re8+ 0-1